[Event "Kingston city match 4"]
[Site "Kingston CAN"]
[Date "2005.09.10"]
[Round "3"]
[White "Livshits, Ron"]
[Black "O'Donnell, Tom"]
[Result "0-1"]
[WhiteElo "2369"]
[BlackElo "2367"]
[PlyCount "110"]
[GameId "2160767910900234"]
[EventDate "2005.09.10"]
[EventType "swiss"]
[EventRounds "3"]
[EventCountry "CAN"]
[SourceTitle "EXT 2022"]
[Source "ChessBase"]
[SourceDate "2021.10.06"]
[SourceVersion "1"]
[SourceVersionDate "2021.10.06"]
[SourceQuality "1"]

1. d4 d5 2. c4 e6 3. Nc3 c6 4. Nf3 Nf6 5. Bg5 h6 6. Bxf6 Qxf6 7. e3 g6 8. Rc1 dxc4 9. Bxc4 Bg7 10. O-O Nd7 11. h3 O-O 12. Qe2 Qe7 13. e4 c5 14. Rfd1 cxd4 15. Nxd4 Nb6 16. Bb3 Bd7 17. e5 Rac8 18. f4 g5 19. f5 exf5 20. Re1 Rc5 21. Nf3 g4 22. hxg4 fxg4 23. Nh2 Qxe5 24. Ne4 Rxc1 25. Rxc1 Re8 26. Re1 Bc6 27. Qf2 Qh5 28. Rf1 Nd5 29. Nd6 Rf8 30. Nf5 Qg5 31. Qg3 h5 32. Nxg7 Kxg7 33. Nf3 Qe3+ 34. Kh1 Qf4 35. Qxf4 Nxf4 36. Nh4 Ng6 37. Nf5+ Kh7 38. Nd4 f5 39. Rxf5 Bxg2+ 40. Kg1 Rxf5 41. Nxf5 Bf3 42. Bc2 Kg8 43. Nd4 Ne5 44. Kf2 Kf7 45. Nf5 Kf6 46. Kg3 Kg5 47. Nh4 Bc6 48. a3 Nf3 49. Nxf3+ Bxf3 50. b4 h4+ 51. Kh2 g3+ 52. Kh3 Kf4 53. Bb3 Bg4+ 54. Kg2 h3+ 55. Kg1 h2+ 0-1

[Event "Charlottetown Invitational"]
[Site "Charlottetown CAN"]
[Date "2000.08.01"]
[Round "1"]
[White "Eldridge, Mike"]
[Black "O'Donnell, Tom"]
[Result "0-1"]
[WhiteElo "2058"]
[BlackElo "2434"]
[PlyCount "44"]
[GameId "2160767911652925"]
[EventDate "2000.08.01"]
[EventType "tourn"]
[EventRounds "11"]
[EventCountry "CAN"]

1. Nf3 d5 2. g3 c6 3. Bg2 Nf6 4. b3 Bf5 5. Bb2 e6 6. d3 a5 7. a4 Be7 8. Nbd2 O-O 9. O-O h6 10. Ne5 Nbd7 11. e4 Bh7 12. f4 Nxe5 13. Bxe5 dxe4 14. dxe4 Bb4 15. c3 Bc5+ 16. Kh1 Nd7 17. Bd4 Bxd4 18. cxd4 Nf6 19. e5 Nd5 20. Re1 Nc3 21. Qc1 Qxd4 22. Nf3 Qb4 0-1

[Event "Charlottetown Invitational"]
[Site "Charlottetown CAN"]
[Date "2000.08.02"]
[Round "2"]
[White "O'Donnell, Tom"]
[Black "Reddy, Tyler"]
[Result "1-0"]
[WhiteElo "2362"]
[BlackElo "2012"]
[PlyCount "73"]
[GameId "2160767911652935"]
[EventDate "2000.08.01"]
[EventType "tourn"]
[EventRounds "11"]
[EventCountry "CAN"]
[SourceTitle "EXT 2002"]
[Source "ChessBase"]
[SourceDate "2001.11.25"]
[SourceVersion "1"]
[SourceVersionDate "2001.11.25"]
[SourceQuality "1"]

1. Nf3 d5 2. d4 Nc6 3. Bf4 Bg4 4. e3 e6 5. h3 Bh5 6. c4 Nf6 7. Nc3 Bd6 8. Bxd6 Qxd6 9. c5 Qe7 10. g4 Bg6 11. Bb5 O-O 12. Bxc6 bxc6 13. Ne5 Ne4 14. Nxe4 Bxe4 15. f3 Qh4+ 16. Ke2 f6 17. Nxc6 Qg3 18. fxe4 Qg2+ 19. Kd3 Qxb2 20. exd5 Qb5+ 21. Kd2 exd5 22. Ne7+ Kh8 23. Qc2 Rab8 24. Rhb1 Qa5+ 25. Qc3 Qa6 26. Rb3 Rbd8 27. Nf5 g6 28. Ng3 f5 29. gxf5 gxf5 30. Ne2 Rg8 31. Nf4 Rde8 32. Ra3 Qh6 33. Rf1 Re4 34. Qa5 Rxf4 35. exf4 Rg2+ 36. Kc1 Qg7 37. Qe1 1-0

[Event "Charlottetown Invitational"]
[Site "Charlottetown CAN"]
[Date "2000.08.02"]
[Round "3"]
[White "MacDonald, Jonathan"]
[Black "O'Donnell, Tom"]
[Result "0-1"]
[WhiteElo "2136"]
[BlackElo "2434"]
[PlyCount "82"]
[GameId "2160767911652940"]
[EventDate "2000.08.01"]
[EventType "tourn"]
[EventRounds "11"]
[EventCountry "CAN"]

1. e4 c5 2. Nf3 d6 3. b4 cxb4 4. Bc4 Nf6 5. Qe2 Bg4 6. e5 Bxf3 7. Qxf3 dxe5 8. Qxb7 Nbd7 9. a3 e6 10. axb4 Rb8 11. Qxa7 Bxb4 12. Ba3 O-O 13. O-O Qc8 14. Bb3 Nc5 15. Bxb4 Rxb4 16. Qa5 Nxb3 17. cxb3 Qb8 18. Re1 Rb5 19. Qa4 Rxb3 20. Nc3 Rd8 21. h3 h6 22. Ne4 Nxe4 23. Qxe4 Rd5 24. Re3 Rb2 25. Rea3 Rd4 26. Qe3 Rb1+ 27. Kh2 Rxa1 28. Rxa1 Qd6 29. Ra8+ Kh7 30. Ra7 e4+ 31. g3 f6 32. Kg2 Qd5 33. Ra5 Qxa5 34. Qxd4 Qd5 35. Qe3 Kg6 36. h4 h5 37. Qb6 e3+ 38. Kf1 Qd3+ 39. Kg2 exd2 40. Qxe6 d1=Q 41. Kh2 Qd5 0-1

[Event "Charlottetown Invitational"]
[Site "Charlottetown CAN"]
[Date "2000.08.03"]
[Round "3"]
[White "O'Donnell, Tom"]
[Black "Gulati, Justin"]
[Result "1-0"]
[WhiteElo "2434"]
[BlackElo "2127"]
[PlyCount "49"]
[GameId "2160767911652944"]
[EventDate "2000.08.01"]
[EventType "tourn"]
[EventRounds "11"]
[EventCountry "CAN"]

1. e4 g6 2. d4 Bg7 3. Nc3 c5 4. dxc5 Qa5 5. Bd2 Qxc5 6. Bd3 b6 7. f4 Bb7 8. Nf3 d6 9. Qe2 Nd7 10. O-O-O Rc8 11. Kb1 Ngf6 12. Rhe1 O-O 13. e5 Bxf3 14. gxf3 Nd5 15. Ne4 Qc7 16. c4 Nxf4 17. Bxf4 Nxe5 18. Bxe5 Bxe5 19. Qe3 Qb7 20. h4 h5 21. f4 Bg7 22. f5 d5 23. cxd5 Qxd5 24. fxg6 fxg6 25. Ng5 1-0

[Event "Charlottetown Invitational"]
[Site "Charlottetown CAN"]
[Date "2000.08.03"]
[Round "5"]
[White "Langen, Roger"]
[Black "O'Donnell, Tom"]
[Result "0-1"]
[WhiteElo "2173"]
[BlackElo "2362"]
[PlyCount "82"]
[GameId "2160767911652952"]
[EventDate "2000.08.01"]
[EventType "tourn"]
[EventRounds "11"]
[EventCountry "CAN"]
[SourceTitle "EXT 2002"]
[Source "ChessBase"]
[SourceDate "2001.11.25"]
[SourceVersion "1"]
[SourceVersionDate "2001.11.25"]
[SourceQuality "1"]

1. c4 e6 2. Nc3 d5 3. e3 Nf6 4. Nf3 c6 5. b3 Nbd7 6. Bb2 Bd6 7. Be2 O-O 8. d4 a6 9. cxd5 exd5 10. Qc2 Qe7 11. Nd2 Re8 12. h3 b5 13. a3 Bb7 14. O-O c5 15. Bf3 Rac8 16. Qf5 Nb6 17. Rfc1 c4 18. bxc4 bxc4 19. Qc2 Bc6 20. a4 a5 21. Rcb1 Rb8 22. Bc1 Bb4 23. Bb2 Qd7 24. Bd1 h6 25. Ra2 Qe7 26. Bf3 Rb7 27. Rd1 Qd7 28. Rda1 Na8 29. Bd1 Nc7 30. Nf3 Na6 31. Ne5 Qc7 32. Nxc6 Qxc6 33. Nb5 Bf8 34. Ba3 Nb4 35. Bxb4 axb4 36. Qc1 Qd7 37. Re2 Ne4 38. Bc2 Nd6 39. Nxd6 Bxd6 40. Bb1 b3 41. e4 dxe4 0-1

[Event "Charlottetown Invitational"]
[Site "Charlottetown CAN"]
[Date "2000.08.04"]
[Round "6"]
[White "O'Donnell, Tom"]
[Black "Urquhart, Eddie"]
[Result "1-0"]
[WhiteElo "2434"]
[BlackElo "2221"]
[PlyCount "136"]
[GameId "2160767911652960"]
[EventDate "2000.08.01"]
[EventType "tourn"]
[EventRounds "11"]
[EventCountry "CAN"]

1. e4 c6 2. d4 d5 3. Nd2 dxe4 4. Nxe4 Nd7 5. Bc4 Ngf6 6. Ng5 e6 7. Qe2 Nb6 8. Bd3 h6 9. N5f3 c5 10. dxc5 Bxc5 11. Ne5 Nbd7 12. Ngf3 Qc7 13. O-O Nxe5 14. Nxe5 O-O 15. Bf4 Bd6 16. Rad1 b6 17. Bg3 Bb7 18. Nd7 Qxd7 19. Bxd6 Rfd8 20. Be5 Qc6 21. f3 Qc5+ 22. Kh1 Nd5 23. Be4 f5 24. Bd4 Qe7 25. Bxd5 Rxd5 26. c4 Rd7 27. Bc3 Rad8 28. Rxd7 Rxd7 29. Re1 Bc8 30. h3 Rd8 31. Qe5 Qf7 32. a4 Rd3 33. a5 Qd7 34. Qb8 bxa5 35. Bxa5 Kh7 36. Bc3 a6 37. Qg3 Rd1 38. Rxd1 Qxd1+ 39. Kh2 Qd7 40. Qe5 Bb7 41. Kg3 Kg8 42. Kf2 Bc6 43. Ke3 Kf8 44. Bd4 h5 45. Kd3 Ba4 46. Kc3 Qb7 47. Bc5+ Kf7 48. Bb4 Qd7 49. b3 Qd1 50. Qc7+ Bd7 51. Kb2 Ke8 52. Qe5 Qd3 53. Qxg7 Kd8 54. Ba5+ Kc8 55. Qe5 Kb7 56. Ka3 Qd1 57. Qc7+ Ka8 58. Bb6 Qa1+ 59. Kb4 a5+ 60. Bxa5 Qe1+ 61. Kc5 Qe3+ 62. Kd6 Qd4+ 63. Ke7 Qg7+ 64. Kd8 Qf7 65. Qxd7 Qf8+ 66. Kc7 Qb8+ 67. Kc6 Qxb3 68. Qd8+ Ka7 1-0

[Event "Charlottetown Invitational"]
[Site "Charlottetown CAN"]
[Date "2000.08.05"]
[Round "7"]
[White "Hua, Lefong"]
[Black "O'Donnell, Tom"]
[Result "1/2-1/2"]
[WhiteElo "2221"]
[BlackElo "2362"]
[PlyCount "40"]
[GameId "2160767911652964"]
[EventDate "2000.08.01"]
[EventType "tourn"]
[EventRounds "11"]
[EventCountry "CAN"]
[SourceTitle "EXT 2002"]
[Source "ChessBase"]
[SourceDate "2001.11.25"]
[SourceVersion "1"]
[SourceVersionDate "2001.11.25"]
[SourceQuality "1"]

1. d4 d5 2. c4 e6 3. Nc3 c6 4. cxd5 exd5 5. Qc2 Bd6 6. Nf3 Ne7 7. Bg5 f6 8. Bh4 Bf5 9. Qb3 Qb6 10. Bg3 Bxg3 11. hxg3 Na6 12. Qxb6 axb6 13. e3 h6 14. Kd2 Kf7 15. a3 b5 16. Bd3 Nb8 17. b4 Nd7 18. a4 bxa4 19. Nxa4 b6 20. Nc3 Bxd3 1/2-1/2

[Event "Charlottetown Invitational"]
[Site "Charlottetown CAN"]
[Date "2000.08.05"]
[Round "8"]
[White "O'Donnell, Tom"]
[Black "Cooper, Aaron"]
[Result "1-0"]
[WhiteElo "2434"]
[BlackElo "1985"]
[PlyCount "43"]
[GameId "2160767911652972"]
[EventDate "2000.08.01"]
[EventType "tourn"]
[EventRounds "11"]
[EventCountry "CAN"]

1. e4 g6 2. d4 Bg7 3. Nc3 c6 4. Bc4 d6 5. Qf3 e6 6. Nge2 Nd7 7. Bf4 Nb6 8. Bb3 Qe7 9. e5 dxe5 10. dxe5 Qc5 11. O-O-O Bh6 12. Bxh6 Nxh6 13. Qf4 Nf5 14. g4 Ng7 15. Ne4 Qe7 16. Nf6+ Kf8 17. Qh6 c5 18. Nxh7+ Kg8 19. Nf6+ Qxf6 20. Qxh8+ Kxh8 21. exf6 Ne8 22. Rd8 1-0

[Event "Charlottetown Invitational"]
[Site "Charlottetown CAN"]
[Date "2000.08.06"]
[Round "10"]
[White "O'Donnell, Tom"]
[Black "Bogle, Bill"]
[Result "1-0"]
[WhiteElo "2434"]
[BlackElo "2239"]
[PlyCount "85"]
[GameId "2160767911652984"]
[EventDate "2000.08.01"]
[EventType "tourn"]
[EventRounds "11"]
[EventCountry "CAN"]

1. e4 e5 2. Nf3 Nc6 3. Bb5 Nf6 4. O-O Bc5 5. Nxe5 Nxe4 6. Qe2 Nxe5 7. Qxe4 Qe7 8. d4 Nc6 9. Qxe7+ Bxe7 10. c3 O-O 11. Re1 Bf6 12. Bf4 d6 13. Nd2 a6 14. Bd3 Bd7 15. Ne4 Bd8 16. d5 Ne7 17. c4 Ng6 18. Bd2 Ne5 19. Bf1 f5 20. Nc3 Bf6 21. h3 Rfe8 22. f4 Nf7 23. Bd3 Bh4 24. Rxe8+ Rxe8 25. Ne2 Nd8 26. g3 Bf6 27. Rb1 g6 28. Kf2 Kf7 29. b4 b6 30. c5 Bb5 31. Bxb5 axb5 32. cxb6 cxb6 33. Be3 Nb7 34. Rc1 Bd8 35. Nd4 Re4 36. a3 Bf6 37. Rc7+ Re7 38. Rxe7+ Kxe7 39. Nxb5 Bb2 40. Bxb6 Kd7 41. a4 Nd8 42. a5 Nf7 43. a6 1-0

[Event "Charlottetown Invitational"]
[Site "Charlottetown CAN"]
[Date "2000.08.07"]
[Round "11"]
[White "Horton, Joe"]
[Black "O'Donnell, Tom"]
[Result "0-1"]
[WhiteElo "2255"]
[BlackElo "2362"]
[PlyCount "78"]
[GameId "2160767911652988"]
[EventDate "2000.08.01"]
[EventType "tourn"]
[EventRounds "11"]
[EventCountry "CAN"]
[SourceTitle "EXT 2002"]
[Source "ChessBase"]
[SourceDate "2001.11.25"]
[SourceVersion "1"]
[SourceVersionDate "2001.11.25"]
[SourceQuality "1"]

1. e4 c5 2. Nf3 d6 3. d4 cxd4 4. Nxd4 Nf6 5. Nc3 g6 6. Bb5+ Bd7 7. Bxd7+ Nbxd7 8. Be3 Bg7 9. f3 O-O 10. Qd2 d5 11. exd5 Nb6 12. b3 Nbxd5 13. Nxd5 Nxd5 14. Bf2 Qc7 15. O-O Nc3 16. Rae1 Rfd8 17. Rxe7 Qxe7 18. Qxc3 Rac8 19. Qd2 Qc5 20. Rd1 Bxd4 21. Bxd4 Qxc2 22. Qe1 Rd5 23. Rd2 Qc1 24. Rd1 Qf4 25. Bb2 Rxd1 26. Qxd1 Qe3+ 27. Kf1 h5 28. Qd6 Re8 29. Qd1 Qb6 30. Qd2 Qe3 31. Qd1 Kh7 32. Ba1 b5 33. Bb2 a5 34. Ba1 a4 35. Bb2 Kg8 36. h3 Kh7 37. Bc1 Qc3 38. Kf2 Rc8 39. Bd2 Qc2 0-1

[Event "CAN-op"]
[Site "Edmonton CAN"]
[Date "2000.07.08"]
[Round "1"]
[White "Martinson, Rick"]
[Black "O'Donnell, Tom"]
[Result "0-1"]
[WhiteElo "1750"]
[BlackElo "2451"]
[PlyCount "60"]
[GameId "2160767911682028"]
[EventDate "2000.07.08"]
[EventType "swiss"]
[EventRounds "10"]
[EventCountry "CAN"]

1. d4 d5 2. c4 e6 3. Nc3 c6 4. Nf3 Nf6 5. Bg5 dxc4 6. e3 b5 7. a4 Bb4 8. Be2 Bb7 9. O-O a6 10. Qc2 Nbd7 11. Rfd1 Be7 12. e4 h6 13. Be3 O-O 14. Ne5 Nxe5 15. dxe5 Nd7 16. f4 Qc7 17. Bg4 Nc5 18. Rf1 Rad8 19. Bf2 Nb3 20. Rad1 Rxd1 21. Rxd1 Rd8 22. Rxd8+ Qxd8 23. f5 Bc8 24. axb5 axb5 25. Ne2 Bc5 26. Nf4 Qg5 27. Bxc5 Nxc5 28. Nxe6 fxe6 29. Bf3 Qe3+ 30. Kf1 Nd3 0-1

[Event "CAN-op"]
[Site "Edmonton CAN"]
[Date "2000.07.10"]
[Round "3"]
[White "Sadov, Sergey"]
[Black "O'Donnell, Tom"]
[Result "1/2-1/2"]
[WhiteElo "2119"]
[BlackElo "2451"]
[PlyCount "57"]
[GameId "2160767911686330"]
[EventDate "2000.07.08"]
[EventType "swiss"]
[EventRounds "10"]
[EventCountry "CAN"]

1. e4 c5 2. Nf3 d6 3. d4 cxd4 4. Qxd4 Nc6 5. Bb5 Bd7 6. Bxc6 Bxc6 7. Nc3 Nf6 8. Bg5 e6 9. O-O-O Be7 10. Rhe1 O-O 11. Qd2 Qa5 12. Kb1 Qa6 13. Nd4 Rad8 14. f3 Rfe8 15. g4 d5 16. e5 Nd7 17. Bxe7 Rxe7 18. Qg5 Rde8 19. Re3 Kh8 20. Qh5 f6 21. f4 fxe5 22. fxe5 Rg8 23. Qg5 Ree8 24. Nce2 Nf8 25. Nf4 Bd7 26. Ng6+ Nxg6 27. Qxg6 Rgf8 28. Rh3 h6 29. Rxh6+ 1/2-1/2

[Event "CAN-op"]
[Site "Edmonton CAN"]
[Date "2000.07.10"]
[Round "4"]
[White "O'Donnell, Tom"]
[Black "Gushuliak, Justin"]
[Result "1/2-1/2"]
[WhiteElo "2451"]
[BlackElo "2119"]
[PlyCount "97"]
[GameId "2160767911686389"]
[EventDate "2000.07.08"]
[EventType "swiss"]
[EventRounds "10"]
[EventCountry "CAN"]

1. c4 e5 2. g3 Nf6 3. Bg2 d5 4. cxd5 Nxd5 5. Nc3 Be6 6. d3 Nc6 7. Nf3 Be7 8. O-O Nb6 9. a3 a5 10. Be3 Nd5 11. Nxd5 Bxd5 12. Rc1 O-O 13. Qa4 f6 14. Qb5 Kh8 15. Nd2 Bxg2 16. Kxg2 Qc8 17. Ne4 Rd8 18. Rc4 Rb8 19. Rfc1 Qe6 20. f3 Qd5 21. Qxd5 Rxd5 22. Nc3 Rd7 23. Nb5 Ra8 24. f4 Bd8 25. Kf2 Rc8 26. h3 Kg8 27. Kf3 exf4 28. gxf4 Ne7 29. Bf2 c6 30. a4 Rb8 31. Rd4 Rxd4 32. Nxd4 Nd5 33. Ne6 Be7 34. f5 Kf7 35. Nf4 Nxf4 36. Kxf4 g6 37. Bc5 Bd8 38. Bd6 Rc8 39. d4 Bb6 40. e3 Rd8 41. fxg6+ hxg6 42. Ba3 Rh8 43. Kg3 Re8 44. Kf3 Rh8 45. Kg2 Re8 46. Rc3 Bd8 47. Rb3 b6 48. Rc3 Re6 49. Kf3 1/2-1/2

[Event "CAN-op"]
[Site "Edmonton CAN"]
[Date "2000.07.12"]
[Round "6"]
[White "Davies, Lucas"]
[Black "O'Donnell, Tom"]
[Result "0-1"]
[WhiteElo "1810"]
[BlackElo "2451"]
[PlyCount "60"]
[GameId "2160767911686533"]
[EventDate "2000.07.08"]
[EventType "swiss"]
[EventRounds "10"]
[EventCountry "CAN"]

1. e4 c5 2. Nc3 Nc6 3. g3 g6 4. Bg2 Bg7 5. d3 e6 6. f4 Nge7 7. Nf3 d5 8. O-O O-O 9. Bd2 Rb8 10. Rb1 b5 11. Ne2 f5 12. e5 d4 13. c3 dxc3 14. Bxc3 Nd5 15. Bd2 Rf7 16. d4 Bf8 17. Rc1 Nxd4 18. Nfxd4 cxd4 19. Nxd4 Qb6 20. Bc3 Ne3 21. Qd3 Nxf1 22. Bxf1 Ba6 23. Bd2 Bc5 24. Be3 Rd8 25. Rxc5 Qxc5 26. Nxe6 Rxd3 27. Bxc5 Rd1 28. Bd6 b4 29. Nc5 Bxf1 30. Kf2 Bc4 0-1

[Event "CAN-op"]
[Site "Edmonton CAN"]
[Date "2000.07.14"]
[Round "8"]
[White "O'Donnell, Tom"]
[Black "Daniluk, Jim"]
[Result "1-0"]
[WhiteElo "2362"]
[BlackElo "2153"]
[PlyCount "65"]
[GameId "2160767911694946"]
[EventDate "2000.07.08"]
[EventType "swiss"]
[EventRounds "10"]
[EventCountry "CAN"]
[SourceTitle "EXT 2001"]
[Source "ChessBase"]
[SourceDate "2000.11.22"]
[SourceVersion "1"]
[SourceVersionDate "2000.11.22"]
[SourceQuality "1"]

1. e4 c5 2. Nf3 Nc6 3. c3 Nf6 4. e5 Nd5 5. d4 cxd4 6. Bc4 Nb6 7. Bb3 d5 8. exd6 Qxd6 9. O-O e6 10. cxd4 Be7 11. Nc3 a6 12. a3 O-O 13. Qe2 Nd5 14. Ne4 Qc7 15. Be3 Nf6 16. Nc3 Re8 17. Rac1 Bd6 18. h3 Bf4 19. Ba2 Qd6 20. Rfd1 Ne7 21. Qd2 Ned5 22. Nxd5 Nxd5 23. Bxd5 Bxe3 24. Qxe3 Qxd5 25. Rc5 Qd8 26. d5 Qd6 27. Rdc1 Bd7 28. Qe5 Qb6 29. Qc7 Qxc7 30. Rxc7 Rac8 31. Ne5 Rxc7 32. Rxc7 Bb5 33. d6 1-0

[Event "CAN-op"]
[Site "Edmonton CAN"]
[Date "2000.07.15"]
[Round "9"]
[White "Stanford, Mike"]
[Black "O'Donnell, Tom"]
[Result "0-1"]
[WhiteElo "2124"]
[BlackElo "2451"]
[PlyCount "34"]
[GameId "2160767911703244"]
[EventDate "2000.07.08"]
[EventType "swiss"]
[EventRounds "10"]
[EventCountry "CAN"]

1. e4 c5 2. Nf3 d6 3. d4 cxd4 4. Nxd4 Nf6 5. Nc3 Nc6 6. Be2 g6 7. O-O Bg7 8. Re1 O-O 9. Bf1 Nxd4 10. Qxd4 Be6 11. Qd1 Qa5 12. h3 Rac8 13. g3 Rfd8 14. Bg2 d5 15. e5 Ne4 16. Nxe4 dxe4 17. Qe2 Rxc2 0-1

[Event "Kingston op"]
[Site "Kingston CAN"]
[Date "2000.02.12"]
[Round "1"]
[White "O'Donnell, Tom"]
[Black "Leger, Manon"]
[Result "1-0"]
[WhiteElo "2456"]
[BlackElo "2044"]
[PlyCount "39"]
[GameId "2160767911733101"]
[EventDate "2000.02.12"]
[EventType "swiss"]
[EventRounds "5"]
[EventCountry "CAN"]
[SourceTitle "EXT 2022"]
[Source "ChessBase"]
[SourceDate "2021.10.06"]
[SourceVersion "1"]
[SourceVersionDate "2021.10.06"]
[SourceQuality "1"]

1. e4 e5 2. Nf3 Nf6 3. Nc3 Bb4 4. Nxe5 d6 5. Nf3 Bxc3 6. dxc3 Nxe4 7. Bd3 Bf5 8. O-O O-O 9. Re1 Re8 10. Bg5 Nxg5 11. Rxe8+ Qxe8 12. Nxg5 Bg6 13. Bxg6 hxg6 14. Qf3 Nd7 15. Qxb7 Rb8 16. Qxc7 Rxb2 17. Qxa7 Rxc2 18. h4 Nc5 19. Rb1 Nd7 20. Qxd7 1-0

[Event "Kingston op"]
[Site "Kingston CAN"]
[Date "2000.02.12"]
[Round "2"]
[White "Kirby, Patrick"]
[Black "O'Donnell, Tom"]
[Result "0-1"]
[WhiteElo "2090"]
[BlackElo "2456"]
[PlyCount "74"]
[GameId "2160767911733104"]
[EventDate "2000.02.12"]
[EventType "swiss"]
[EventRounds "5"]
[EventCountry "CAN"]
[SourceTitle "EXT 2022"]
[Source "ChessBase"]
[SourceDate "2021.10.06"]
[SourceVersion "1"]
[SourceVersionDate "2021.10.06"]
[SourceQuality "1"]

1. d4 d5 2. c4 e6 3. Nf3 c6 4. Nc3 Nf6 5. e3 Nbd7 6. Bd2 Bd6 7. Rc1 O-O 8. Bd3 Qe7 9. O-O dxc4 10. Bxc4 e5 11. dxe5 Nxe5 12. Nxe5 Qxe5 13. f4 Qe7 14. Qc2 Be6 15. Bd3 Rad8 16. Kh1 Bc7 17. Ne4 Nxe4 18. Bxe4 f5 19. Bf3 Bd5 20. Bxd5+ Rxd5 21. Rce1 Bb6 22. Bc3 Re8 23. Rf3 Qe4 24. Qb3 Red8 25. h4 R8d7 26. a4 h5 27. Ref1 Kh7 28. Kh2 Rd3 29. Re1 Ba5 30. Rg3 Bxc3 31. bxc3 Qd5 32. Qb4 c5 33. Qa3 Qc4 34. Rc1 Rxe3 35. Rxe3 Qxf4+ 36. Kh1 Qxe3 37. Rf1 Rd2 0-1

[Event "Kingston op"]
[Site "Kingston CAN"]
[Date "2000.02.13"]
[Round "4"]
[White "Simic, Dusan"]
[Black "O'Donnell, Tom"]
[Result "0-1"]
[WhiteElo "2292"]
[BlackElo "2456"]
[PlyCount "62"]
[GameId "2160767911733114"]
[EventDate "2000.02.12"]
[EventType "swiss"]
[EventRounds "5"]
[EventCountry "CAN"]
[SourceTitle "CFC 2000.06"]
[Source "CFC"]
[SourceDate "2000.06.??"]
[SourceVersionDate "2000.06.??"]
[SourceQuality "1"]

1. Nf3 d5 2. d4 e6 3. c4 c6 4. Bf4 dxc4 5. a4 b5 6. axb5 cxb5 7. Nc3 Bb4 8. Bd2 Qb6 9. g3 Bb7 10. Bg2 Nf6 11. O-O O-O 12. Ne4 Bxe4 13. Bxb4 Rc8 14. Bh3 a5 15. Bc5 Qd8 16. Ng5 Bd5 17. Qc2 h6 18. e4 hxg5 19. exd5 g4 20. Bg2 Nxd5 21. b3 c3 22. b4 Nc6 23. bxa5 Rxa5 24. Bxd5 Rxa1 25. Rxa1 Qxd5 26. Qxc3 e5 27. Rc1 Nxd4 28. Bxd4 Rxc3 29. Bxc3 f6 30. Bb4 Qb3 31. Bd6 b4 0-1

[Event "Halifax op"]
[Site "Halifax CAN"]
[Date "2000.??.??"]
[Round "3"]
[White "O'Donnell, Tom"]
[Black "Klapstein, John"]
[Result "1-0"]
[WhiteElo "2445"]
[BlackElo "1935"]
[PlyCount "57"]
[GameId "2160767911741584"]
[EventDate "2000.??.??"]
[EventType "swiss"]
[EventRounds "6"]
[EventCountry "CAN"]
[SourceTitle "CFC 2000.10"]
[Source "CFC"]
[SourceDate "2000.10.??"]
[SourceVersionDate "2000.10.??"]
[SourceQuality "1"]

1. e4 c5 2. Nf3 d6 3. d4 cxd4 4. Nxd4 Nf6 5. Nc3 g6 6. Be3 Bg7 7. f3 Nc6 8. Qd2 O-O 9. Bc4 Bd7 10. O-O-O Ne5 11. Bb3 Rc8 12. h4 Nc4 13. Bxc4 Rxc4 14. Kb1 Re8 15. g4 h5 16. g5 Nh7 17. Nb3 Nf8 18. Nd5 Be6 19. Bxa7 Nd7 20. Bd4 Ne5 21. Rhf1 Bxd5 22. exd5 Qc7 23. f4 Nd7 24. Bxg7 Kxg7 25. f5 Ne5 26. fxg6 Nxg6 27. Nd4 e6 28. dxe6 fxe6 29. Nb5 1-0

[Event "Halifax op"]
[Site "Halifax CAN"]
[Date "2000.??.??"]
[Round "6"]
[White "O'Donnell, Tom"]
[Black "Saunders, Steve"]
[Result "1-0"]
[WhiteElo "2445"]
[BlackElo "2145"]
[PlyCount "51"]
[GameId "2160767911741585"]
[EventDate "2000.??.??"]
[EventType "swiss"]
[EventRounds "6"]
[EventCountry "CAN"]
[SourceTitle "CFC 2000.10"]
[Source "CFC"]
[SourceDate "2000.10.??"]
[SourceVersionDate "2000.10.??"]
[SourceQuality "1"]

1. e4 c5 2. Nf3 d6 3. d4 cxd4 4. Nxd4 Nf6 5. Nc3 a6 6. Be3 Ng4 7. Bg5 h6 8. Bh4 g5 9. Bg3 Bg7 10. Be2 h5 11. h4 Qa5 12. hxg5 Nc6 13. Nb3 Bxc3+ 14. bxc3 Qxc3+ 15. Qd2 Qg7 16. f3 Nge5 17. Bf2 Be6 18. Nd4 Bc4 19. Rb1 Bxe2 20. Kxe2 b5 21. Nf5 Qh7 22. g4 Nxf3 23. Kxf3 hxg4+ 24. Kg2 Qg8 25. Qd5 Kd7 26. Qxc6+ 1-0

[Event "CAN-op"]
[Site "Calgary CAN"]
[Date "1996.07.13"]
[Round "1"]
[White "Burgess, Doug"]
[Black "O'Donnell, Tom"]
[Result "1-0"]
[WhiteElo "1883"]
[BlackElo "2437"]
[PlyCount "38"]
[GameId "2160767912041774"]
[EventDate "1996.07.13"]
[EventType "swiss"]
[EventRounds "10"]
[EventCountry "CAN"]
[SourceTitle "Albertabase"]
[SourceDate "2003.08.17"]
[SourceVersion "1"]
[SourceVersionDate "2003.08.17"]
[SourceQuality "1"]

1. e4 c5 2. Nf3 d6 3. d4 cxd4 4. c3 Nf6 5. e5 dxe5 6. Nxe5 Nbd7 7. Qxd4 e6 8. Nc4 Bc5 9. Qf4 O-O 10. Be2 b5 11. Ne3 Rb8 12. O-O Bb7 13. Nd2 Qb6 14. Nb3 Bd6 15. Qd4 Qc7 16. Qh4 Ne5 17. Nd4 Ng6 18. Qg5 h6 19. Qxb5 Bxh2+ 1-0

[Event "CAN-op"]
[Site "Calgary CAN"]
[Date "1996.07.14"]
[Round "2"]
[White "O'Donnell, Tom"]
[Black "Milne, Arthur"]
[Result "1-0"]
[WhiteElo "2437"]
[BlackElo "1944"]
[PlyCount "27"]
[GameId "2160767912041791"]
[EventDate "1996.07.13"]
[EventType "swiss"]
[EventRounds "10"]
[EventCountry "CAN"]
[SourceTitle "Albertabase"]
[SourceDate "2003.08.17"]
[SourceVersion "1"]
[SourceVersionDate "2003.08.17"]
[SourceQuality "1"]

1. e4 e5 2. Nf3 Nc6 3. Bb5 Bc5 4. O-O Nf6 5. Nxe5 Nxe5 6. d4 Bxd4 7. Qxd4 Nc6 8. Bxc6 bxc6 9. Bg5 h6 10. Bh4 g5 11. Bg3 O-O 12. Bxc7 Qxc7 13. Qxf6 Kh7 14. Rd1 1-0